[Event "XLIV Memoriał Szachowy Ludwika Zamenhofa 2025, Grupa A"]
[Site "Białystok, Poland"]
[Date "2025.12.30"]
[Round "7.10"]
[White "Wojdak, Jan"]
[Black "Kokoszczynski, Jan"]
[Result "1/2-1/2"]
[TimeControl "90'+30\""]
[WhiteElo "2214"]
[BlackElo "2275"]

1. d4 {[%clk 01:19:14]} {[%emt 00:11:46]} Nf6 {[%clk 01:30:33]} {[%emt
00:00:27]} 2. c4 {[%clk 01:19:37]} {[%emt 00:00:07]} e6 {[%clk 01:30:58]}
{[%emt 00:00:05]} 3. Nf3 {[%clk 01:20:02]} {[%emt 00:00:05]} b6 {[%clk
01:31:20]} {[%emt 00:00:09]} 4. g3 {[%clk 01:20:07]} {[%emt 00:00:25]} Bb7
{[%clk 01:26:42]} {[%emt 00:05:07]} 5. Bg2 {[%clk 01:15:59]} {[%emt 00:04:37]}
Bb4+ {[%clk 01:26:03]} {[%emt 00:01:09]} 6. Bd2 {[%clk 01:13:15]} {[%emt
00:03:15]} a5 {[%clk 01:26:08]} {[%emt 00:00:25]} 7. O-O {[%clk 01:11:44]}
{[%emt 00:02:00]} O-O {[%clk 01:26:20]} {[%emt 00:00:19]} 8. a3 {[%clk
00:59:30]} {[%emt 00:12:45]} Bxd2 {[%clk 01:23:21]} {[%emt 00:03:28]} 9. Qxd2
{[%clk 00:59:22]} {[%emt 00:00:38]} d6 {[%clk 01:23:08]} {[%emt 00:00:42]} 10.
Nc3 {[%clk 00:59:20]} {[%emt 00:00:33]} Ne4 {[%clk 01:21:10]} {[%emt 00:02:29]}
11. Qc2 {[%clk 00:59:38]} {[%emt 00:00:11]} Nxc3 {[%clk 01:21:01]} {[%emt
00:00:40]} 12. Qxc3 {[%clk 01:00:03]} {[%emt 00:00:04]} Nd7 {[%clk 01:13:04]}
{[%emt 00:08:26]} 13. b4 {[%clk 00:51:35]} {[%emt 00:08:59]} Be4 {[%clk
01:01:40]} {[%emt 00:11:53]} 14. Rfd1 {[%clk 00:47:52]} {[%emt 00:04:14]} Ra7
{[%clk 00:58:08]} {[%emt 00:04:02]} 15. Ne1 {[%clk 00:29:31]} {[%emt 00:18:51]}
Bxg2 {[%clk 00:56:53]} {[%emt 00:01:44]} 16. Nxg2 {[%clk 00:29:14]} {[%emt
00:00:46]} Qa8 {[%clk 00:46:32]} {[%emt 00:10:52]} 17. Ne3 {[%clk 00:25:05]}
{[%emt 00:04:39]} Qb7 {[%clk 00:40:21]} {[%emt 00:06:42]} 18. Rab1 {[%clk
00:19:01]} {[%emt 00:06:34]} axb4 {[%clk 00:38:51]} {[%emt 00:01:59]} 19. axb4
{[%clk 00:19:18]} {[%emt 00:00:14]} Rfa8 {[%clk 00:33:59]} {[%emt 00:05:22]} 20.
c5 {[%clk 00:19:26]} {[%emt 00:00:24]} Ra3 {[%clk 00:24:53]} {[%emt 00:09:35]}
21. Qc1 {[%clk 00:16:30]} {[%emt 00:03:25]} Nf6 {[%clk 00:21:10]} {[%emt
00:04:13]} 22. cxd6 {[%clk 00:12:55]} {[%emt 00:04:04]} cxd6 {[%clk 00:21:25]}
{[%emt 00:00:14]} 23. b5 {[%clk 00:13:03]} {[%emt 00:00:23]} d5 {[%clk
00:18:11]} {[%emt 00:03:44]} 24. Qc6 {[%clk 00:13:11]} {[%emt 00:00:22]} Qb8
{[%clk 00:18:37]} {[%emt 00:00:04]} 25. Nc2 {[%clk 00:09:43]} {[%emt 00:03:57]}
Ra2 {[%clk 00:18:02]} {[%emt 00:01:05]} 26. Nb4 {[%clk 00:09:15]} {[%emt
00:00:58]} R2a4 {[%clk 00:17:48]} {[%emt 00:00:44]} 27. Na6 {[%clk 00:09:03]}
{[%emt 00:00:43]} Qd8 {[%clk 00:17:50]} {[%emt 00:00:28]} 28. Rbc1 {[%clk
00:08:44]} {[%emt 00:00:48]} Ne4 {[%clk 00:05:59]} {[%emt 00:12:22]} 29. Nc7
{[%clk 00:06:52]} {[%emt 00:02:22]} Rb8 {[%clk 00:06:26]} {[%emt 00:00:03]} 30.
Na6 {[%clk 00:06:53]} {[%emt 00:00:29]} Ra8 {[%clk 00:06:51]} {[%emt 00:00:05]}
31. Nc7 {[%clk 00:06:28]} {[%emt 00:00:55]} Rb8 {[%emt 00:00:15]} 32. f3 {[%emt
00:00:02]} Nd6 {[%emt 00:00:02]} 33. e4 {[%emt 00:00:01]} Ne8 {[%emt 00:01:09]}
1/2-1/2

[Event "XLIV Memoriał Szachowy Ludwika Zamenhofa 2025, Grupa A"]
[Site "Białystok, Poland"]
[Date "2025.12.30"]
[Round "7.11"]
[White "Lewtak, Damian"]
[Black "Rajbharath, Harjith"]
[Result "1-0"]
[TimeControl "90'+30\""]
[WhiteElo "2333"]
[BlackElo "2002"]

1. d4 {[%clk 01:30:58]} {[%emt 00:00:01]} Nf6 {[%clk 01:30:26]} {[%emt
00:00:35]} 2. c3 {[%clk 01:31:23]} {[%emt 00:00:05]} e6 {[%clk 01:28:42]}
{[%emt 00:02:13]} 3. Bf4 {[%clk 01:31:46]} {[%emt 00:00:07]} b6 {[%clk
01:26:49]} {[%emt 00:02:24]} 4. e3 {[%clk 01:30:40]} {[%emt 00:01:36]} Bb7
{[%clk 01:26:07]} {[%emt 00:01:12]} 5. Nd2 {[%clk 01:31:03]} {[%emt 00:00:06]}
Be7 {[%clk 01:22:02]} {[%emt 00:04:35]} 6. h3 {[%clk 01:30:55]} {[%emt
00:00:38]} O-O {[%clk 01:20:34]} {[%emt 00:01:59]} 7. Ngf3 {[%clk 01:31:01]}
{[%emt 00:00:22]} d6 {[%clk 01:17:03]} {[%emt 00:04:03]} 8. Qc2 {[%clk
01:26:56]} {[%emt 00:04:34]} Nbd7 {[%clk 01:15:31]} {[%emt 00:02:02]} 9. Bh2
{[%clk 01:26:59]} {[%emt 00:00:26]} Re8 {[%clk 01:14:50]} {[%emt 00:01:12]} 10.
Bd3 {[%clk 01:26:12]} {[%emt 00:01:17]} Bf8 {[%clk 01:13:27]} {[%emt 00:01:53]}
11. O-O {[%clk 01:24:35]} {[%emt 00:02:06]} e5 {[%clk 01:11:58]} {[%emt
00:02:00]} 12. e4 {[%clk 01:24:59]} {[%emt 00:00:05]} g6 {[%clk 01:04:05]}
{[%emt 00:08:23]} 13. Rfe1 {[%clk 01:24:35]} {[%emt 00:00:54]} Bg7 {[%clk
01:04:17]} {[%emt 00:00:19]} 14. a4 {[%clk 01:23:02]} {[%emt 00:02:03]} a5
{[%clk 01:01:09]} {[%emt 00:03:38]} 15. Bb5 {[%clk 01:20:03]} {[%emt 00:03:28]}
Qe7 {[%clk 00:47:48]} {[%emt 00:13:53]} 16. Rad1 {[%clk 01:17:31]} {[%emt
00:03:00]} Rad8 {[%clk 00:42:39]} {[%emt 00:05:40]} 17. d5 {[%clk 01:17:36]}
{[%emt 00:00:25]} Nh5 {[%clk 00:38:33]} {[%emt 00:04:36]} 18. b4 {[%clk
01:17:38]} {[%emt 00:00:28]} Ra8 {[%clk 00:37:17]} {[%emt 00:01:47]} 19. Nb3
{[%clk 01:17:35]} {[%emt 00:00:32]} Rec8 {[%clk 00:33:55]} {[%emt 00:03:53]} 20.
bxa5 {[%clk 01:13:12]} {[%emt 00:04:52]} bxa5 {[%clk 00:33:56]} {[%emt
00:00:29]} 21. c4 {[%clk 01:13:36]} {[%emt 00:00:05]} Nc5 {[%clk 00:32:03]}
{[%emt 00:02:24]} 22. Nxc5 {[%clk 01:13:51]} {[%emt 00:00:16]} dxc5 {[%clk
00:32:31]} {[%emt 00:00:01]} 23. g4 {[%clk 01:12:31]} {[%emt 00:01:49]} Nf4
{[%clk 00:32:10]} {[%emt 00:00:52]} 24. Bxf4 {[%clk 01:12:55]} {[%emt
00:00:06]} exf4 {[%clk 00:32:38]} {[%emt 00:00:02]} 25. e5 {[%clk 01:13:04]}
{[%emt 00:00:20]} f6 {[%clk 00:20:24]} {[%emt 00:12:44]} 26. e6 {[%clk
01:10:19]} {[%emt 00:03:15]} Rf8 {[%clk 00:17:15]} {[%emt 00:03:41]} 27. Bc6
{[%clk 01:05:27]} {[%emt 00:05:21]} Rab8 {[%clk 00:15:43]} {[%emt 00:02:02]} 28.
Rb1 {[%clk 01:05:34]} {[%emt 00:00:23]} Bxc6 {[%clk 00:15:19]} {[%emt
00:00:54]} 29. dxc6 {[%clk 01:05:59]} {[%emt 00:00:05]} Rxb1 {[%clk 00:14:13]}
{[%emt 00:01:36]} 30. Qxb1 {[%clk 01:06:25]} {[%emt 00:00:04]} Qd6 {[%clk
00:14:21]} {[%emt 00:00:22]} 31. Qe4 {[%clk 01:06:19]} {[%emt 00:00:36]} Re8
{[%clk 00:11:42]} {[%emt 00:03:09]} 32. h4 {[%clk 01:03:21]} {[%emt 00:03:27]}
Bf8 {[%clk 00:07:20]} {[%emt 00:04:53]} 33. Kg2 {[%clk 01:01:58]} {[%emt
00:01:52]} Be7 {[%clk 00:06:12]} {[%emt 00:01:39]} 34. h5 {[%clk 01:00:53]}
{[%emt 00:01:35]} g5 {[%clk 00:06:30]} {[%emt 00:00:12]} 35. Re2 {[%clk
01:00:29]} {[%emt 00:00:54]} Rd8 {[%clk 00:05:46]} {[%emt 00:01:14]} 36. Rd2
{[%clk 01:00:07]} {[%emt 00:00:53]} Qxd2 {[%clk 00:06:11]} {[%emt 00:00:06]} 37.
Nxd2 {[%clk 01:00:34]} {[%emt 00:00:02]} Rxd2 {[%clk 00:06:34]} {[%emt
00:00:08]} 38. Qe1 {[%clk 01:00:39]} {[%emt 00:00:25]} Rd8 {[%clk 00:05:11]}
{[%emt 00:01:53]} 39. Qxa5 {[%clk 01:01:00]} {[%emt 00:00:09]} Bd6 {[%clk
00:05:26]} {[%emt 00:00:14]} 40. Qb5 {[%clk 01:01:11]} {[%emt 00:00:18]} Kf8
{[%clk 00:05:37]} {[%emt 00:00:21]} 41. Qb1 {[%clk 01:01:17]} {[%emt 00:00:23]}
Kg8 {[%clk 00:05:53]} {[%emt 00:00:15]} 42. a5 {[%clk 01:01:35]} {[%emt
00:00:11]} Ra8 {[%clk 00:06:17]} {[%emt 00:00:07]} 43. a6 {[%clk 01:01:52]}
{[%emt 00:00:13]} Rxa6 {[%clk 00:06:27]} {[%emt 00:00:19]} 44. Qb8+ {[%clk
01:02:16]} {[%emt 00:00:06]} Kg7 {[%clk 00:06:54]} {[%emt 00:00:03]} 45. Qe8
{[%clk 01:02:39]} {[%emt 00:00:07]} Ra3 {[%clk 00:06:58]} {[%emt 00:00:26]} 46.
Qf7+ {[%clk 01:02:57]} {[%emt 00:00:11]} Kh8 {[%clk 00:07:22]} {[%emt
00:00:07]} 47. Qxf6+ {[%clk 01:03:12]} {[%emt 00:00:14]} Kg8 {[%clk 00:07:15]}
{[%emt 00:00:38]} 48. h6 {[%clk 01:03:26]} {[%emt 00:00:16]} f3+ {[%clk
00:07:39]} {[%emt 00:00:06]} 49. Kh3 {[%clk 01:03:52]} {[%emt 00:00:04]} 1-0

[Event "XLIV Memoriał Szachowy Ludwika Zamenhofa 2025, Grupa A"]
[Site "Białystok, Poland"]
[Date "2025.12.30"]
[Round "7.12"]
[White "Greicius, Pijus"]
[Black "Sernecki, Franciszek"]
[Result "1/2-1/2"]
[TimeControl "90'+30\""]
[WhiteElo "2170"]
[BlackElo "2306"]

1. d4 {[%clk 01:30:57]} {[%emt 00:00:02]} Nf6 {[%clk 01:30:30]} {[%emt
00:00:30]} 2. c4 {[%clk 01:31:20]} {[%emt 00:00:07]} e6 {[%clk 01:30:56]}
{[%emt 00:00:04]} 3. Bf4 {[%clk 01:31:46]} {[%emt 00:00:05]} d5 {[%clk
01:30:20]} {[%emt 00:01:06]} 4. cxd5 {[%clk 01:32:09]} {[%emt 00:00:07]} Nxd5
{[%clk 01:30:46]} {[%emt 00:00:03]} 5. Bg3 {[%clk 01:32:33]} {[%emt 00:00:07]}
c5 {[%clk 01:30:41]} {[%emt 00:00:34]} 6. e4 {[%clk 01:32:57]} {[%emt
00:00:06]} Nf6 {[%clk 01:31:06]} {[%emt 00:00:05]} 7. Nd2 {[%clk 01:33:22]}
{[%emt 00:00:05]} cxd4 {[%clk 01:29:25]} {[%emt 00:02:12]} 8. e5 {[%clk
01:33:30]} {[%emt 00:00:22]} Nd5 {[%clk 01:28:30]} {[%emt 00:01:22]} 9. Ngf3
{[%clk 01:33:54]} {[%emt 00:00:07]} Be7 {[%clk 01:25:57]} {[%emt 00:03:05]} 10.
Bd3 {[%clk 01:19:59]} {[%emt 00:14:25]} Nd7 {[%clk 01:25:47]} {[%emt 00:00:39]}
11. Nxd4 {[%clk 01:06:30]} {[%emt 00:13:58]} Nc5 {[%clk 01:18:18]} {[%emt
00:08:00]} 12. Bb1 {[%clk 00:50:51]} {[%emt 00:16:09]} Nf4 {[%clk 01:04:47]}
{[%emt 00:14:01]} 13. N2f3 {[%clk 00:39:13]} {[%emt 00:12:08]} Nxg2+ {[%clk
01:03:20]} {[%emt 00:02:08]} 14. Kf1 {[%clk 00:39:34]} Nh4 {[%clk 01:03:16]}
{[%emt 00:00:32]} 15. Bxh4 {[%clk 00:31:59]} {[%emt 00:08:05]} Bxh4 {[%clk
01:02:19]} {[%emt 00:01:28]} 16. Bxh7 {[%clk 00:28:26]} {[%emt 00:04:02]} Rxh7
{[%clk 00:43:26]} {[%emt 00:19:23]} 17. Qc2 {[%clk 00:28:52]} {[%emt 00:00:05]}
Rh5 {[%clk 00:41:19]} {[%emt 00:02:37]} 18. Qxc5 {[%clk 00:29:13]} {[%emt
00:00:08]} Be7 {[%clk 00:41:26]} {[%emt 00:00:23]} 19. Qb5+ {[%clk 00:23:26]}
{[%emt 00:06:17]} Kf8 {[%clk 00:33:11]} {[%emt 00:08:45]} 20. Rd1 {[%clk
00:22:54]} {[%emt 00:01:02]} Qc7 {[%clk 00:31:52]} {[%emt 00:01:49]} 21. Kg2
{[%clk 00:19:36]} {[%emt 00:03:48]} a6 {[%clk 00:31:12]} {[%emt 00:01:12]} 22.
Qb3 {[%clk 00:19:07]} {[%emt 00:00:57]} b5 {[%clk 00:28:13]} {[%emt 00:03:29]}
23. Rc1 {[%clk 00:18:27]} {[%emt 00:01:10]} Qd7 {[%clk 00:27:42]} {[%emt
00:01:01]} 24. Rhd1 {[%clk 00:17:44]} {[%emt 00:01:13]} Bb7 {[%clk 00:27:27]}
{[%emt 00:00:45]} 25. Ne2 {[%clk 00:14:05]} {[%emt 00:04:09]} Bd5 {[%clk
00:24:37]} {[%emt 00:03:21]} 26. Nf4 {[%clk 00:05:05]} {[%emt 00:09:29]} Rxe5
{[%clk 00:24:06]} {[%emt 00:01:01]} 27. Nxd5 {[%clk 00:04:58]} {[%emt
00:00:37]} Rxd5 {[%clk 00:24:31]} {[%emt 00:00:06]} 28. Ne5 {[%clk 00:05:08]}
{[%emt 00:00:20]} Qd6 {[%clk 00:17:52]} {[%emt 00:07:08]} 29. Rxd5 {[%clk
00:03:19]} {[%emt 00:02:20]} Qxd5+ {[%clk 00:18:08]} {[%emt 00:00:14]} 30. Qxd5
{[%clk 00:03:43]} {[%emt 00:00:06]} exd5 {[%clk 00:18:35]} {[%emt 00:00:02]} 31.
Rd1 {[%clk 00:03:02]} {[%emt 00:01:11]} Rd8 {[%clk 00:18:20]} {[%emt 00:00:45]}
32. b3 {[%clk 00:01:43]} {[%emt 00:01:50]} Bf6 {[%clk 00:18:18]} {[%emt
00:00:32]} 33. Nc6 {[%clk 00:02:01]} {[%emt 00:00:11]} Rd6 {[%clk 00:18:19]}
{[%emt 00:00:29]} 34. Nb4 {[%clk 00:02:26]} {[%emt 00:00:05]} d4 {[%clk
00:18:33]} {[%emt 00:00:17]} 35. Kf3 {[%clk 00:02:06]} {[%emt 00:00:50]} g6
{[%clk 00:14:57]} {[%emt 00:04:04]} 36. a4 {[%clk 00:00:39]} {[%emt 00:01:58]}
bxa4 {[%clk 00:13:18]} {[%emt 00:02:10]} 37. bxa4 {[%clk 00:01:08]} {[%emt
00:00:01]} a5 {[%clk 00:13:27]} {[%emt 00:00:20]} 38. Nd3 {[%clk 00:01:33]}
{[%emt 00:00:05]} Rc6 {[%clk 00:13:30]} {[%emt 00:00:26]} 39. Rc1 {[%clk
00:01:46]} {[%emt 00:00:18]} Rc3 {[%clk 00:12:21]} {[%emt 00:01:38]} 40. Ke4
{[%clk 00:01:48]} {[%emt 00:00:28]} Ra3 {[%clk 00:11:55]} {[%emt 00:00:57]} 41.
Rc4 {[%clk 00:00:53]} {[%emt 00:01:25]} Rc3 {[%clk 00:11:12]} {[%emt 00:01:12]}
42. Nb2 {[%clk 00:00:36]} {[%emt 00:00:47]} Rh3 {[%clk 00:10:53]} {[%emt
00:00:50]} 43. Nd3 {[%clk 00:00:37]} {[%emt 00:00:29]} Rxh2 {[%clk 00:10:33]}
{[%emt 00:00:49]} 44. Rc5 {[%clk 00:01:01]} {[%emt 00:00:06]} Rh5 {[%clk
00:10:48]} {[%emt 00:00:16]} 45. Rc8+ {[%clk 00:01:10]} {[%emt 00:00:21]} Kg7
{[%clk 00:10:43]} {[%emt 00:00:34]} 46. Ra8 {[%clk 00:01:36]} {[%emt 00:00:04]}
Rf5 {[%clk 00:07:43]} {[%emt 00:03:30]} 47. Ra6 {[%clk 00:01:54]} {[%emt
00:00:13]} Bh4 {[%clk 00:06:57]} {[%emt 00:01:15]} 48. f4 {[%clk 00:01:41]}
{[%emt 00:00:44]} Bf6 {[%clk 00:06:56]} {[%emt 00:00:30]} 49. Ne5 {[%clk
00:01:59]} {[%emt 00:00:12]} Bxe5 {[%clk 00:01:41]} {[%emt 00:05:46]} 50. fxe5
{[%clk 00:02:24]} {[%emt 00:00:05]} Rh5 {[%clk 00:01:39]} {[%emt 00:00:31]} 51.
Rxa5 {[%clk 00:02:41]} {[%emt 00:00:13]} Rh4+ {[%clk 00:02:00]} {[%emt
00:00:09]} 52. Kd3 {[%clk 00:03:08]} {[%emt 00:00:03]} Kf8 {[%clk 00:01:36]}
{[%emt 00:00:54]} 53. Rd5 {[%clk 00:01:19]} {[%emt 00:02:20]} Rh3+ {[%clk
00:00:34]} {[%emt 00:01:32]} 54. Ke4 {[%emt 00:00:06]} 1/2-1/2

[Event "XLIV Memoriał Szachowy Ludwika Zamenhofa 2025, Grupa A"]
[Site "Białystok, Poland"]
[Date "2025.12.30"]
[Round "7.13"]
[White "Krol, Jan"]
[Black "Karut, Kacper"]
[Result "1-0"]
[TimeControl "90'+30\""]
[WhiteElo "2202"]
[BlackElo "2148"]

1. e4 {[%clk 01:30:59]} c5 {[%clk 01:21:11]} {[%emt 00:09:49]} 2. Nf3 {[%clk
01:31:22]} {[%emt 00:00:07]} d6 {[%clk 01:21:38]} {[%emt 00:00:03]} 3. d4
{[%clk 01:31:32]} {[%emt 00:00:20]} cxd4 {[%clk 01:22:04]} {[%emt 00:00:04]} 4.
Nxd4 {[%clk 01:31:57]} {[%emt 00:00:04]} Nf6 {[%clk 01:22:31]} {[%emt
00:00:03]} 5. Nc3 {[%clk 01:32:20]} {[%emt 00:00:07]} Nc6 {[%clk 01:22:58]}
{[%emt 00:00:03]} 6. Bc4 {[%clk 01:32:26]} {[%emt 00:00:24]} g6 {[%clk
01:23:20]} {[%emt 00:00:08]} 7. Nxc6 {[%clk 01:06:01]} {[%emt 00:26:56]} bxc6
{[%clk 01:23:44]} {[%emt 00:00:06]} 8. e5 {[%clk 01:06:29]} {[%emt 00:00:02]}
Ng4 {[%clk 01:23:59]} {[%emt 00:00:15]} 9. e6 {[%clk 00:56:41]} {[%emt
00:10:18]} f5 {[%clk 01:24:24]} {[%emt 00:00:05]} 10. Qe2 {[%clk 00:37:52]}
{[%emt 00:19:18]} Bg7 {[%clk 01:23:39]} {[%emt 00:01:15]} 11. h3 {[%clk
00:32:34]} {[%emt 00:05:49]} Nf6 {[%clk 01:21:19]} {[%emt 00:02:49]} 12. Bb3
{[%clk 00:29:54]} {[%emt 00:03:10]} O-O {[%clk 01:13:43]} {[%emt 00:08:07]} 13.
Bf4 {[%clk 00:21:06]} {[%emt 00:09:18]} Ne4 {[%clk 00:56:50]} {[%emt 00:17:23]}
14. Nxe4 {[%clk 00:15:26]} {[%emt 00:06:10]} fxe4 {[%clk 00:57:13]} {[%emt
00:00:06]} 15. Qxe4 {[%clk 00:11:46]} {[%emt 00:04:10]} d5 {[%clk 00:55:59]}
{[%emt 00:01:44]} 16. Qe3 {[%clk 00:09:59]} {[%emt 00:02:17]} Bxb2 {[%clk
00:55:29]} {[%emt 00:00:59]} 17. Rd1 {[%clk 00:10:22]} {[%emt 00:00:09]} Qa5+
{[%clk 00:54:06]} {[%emt 00:01:53]} 18. Kf1 {[%clk 00:10:45]} {[%emt 00:00:07]}
Rf6 {[%clk 00:50:56]} {[%emt 00:03:40]} 19. Kg1 {[%clk 00:11:00]} {[%emt
00:00:15]} Rxe6 {[%clk 00:37:32]} {[%emt 00:13:53]} 20. Qg3 {[%clk 00:11:26]}
{[%emt 00:00:04]} Re1+ {[%clk 00:26:39]} {[%emt 00:11:23]} 21. Kh2 {[%clk
00:11:45]} {[%emt 00:00:11]} Rxh1+ {[%clk 00:27:04]} {[%emt 00:00:05]} 22. Kxh1
{[%clk 00:12:12]} {[%emt 00:00:04]} Bf5 {[%clk 00:26:34]} {[%emt 00:01:00]} 23.
Be5 {[%clk 00:09:50]} {[%emt 00:02:52]} Bxe5 {[%clk 00:20:19]} {[%emt
00:06:45]} 24. Qxe5 {[%clk 00:10:16]} {[%emt 00:00:03]} Qb4 {[%clk 00:19:53]}
{[%emt 00:00:56]} 25. Bxd5+ {[%clk 00:09:10]} {[%emt 00:01:37]} e6 {[%clk
00:17:31]} {[%emt 00:02:52]} 26. Bxe6+ {[%clk 00:09:22]} {[%emt 00:00:17]} Bxe6
{[%clk 00:17:54]} {[%emt 00:00:07]} 27. Qxe6+ {[%clk 00:09:50]} {[%emt
00:00:03]} Kh8 {[%clk 00:16:55]} {[%emt 00:01:29]} 28. Qf6+ {[%clk 00:10:08]}
{[%emt 00:00:11]} Kg8 {[%clk 00:17:20]} {[%emt 00:00:06]} 29. Rd7 {[%clk
00:10:25]} {[%emt 00:00:13]} Qf8 {[%clk 00:17:44]} {[%emt 00:00:06]} 30. Qe6+
{[%clk 00:08:21]} {[%emt 00:02:34]} Kh8 {[%clk 00:18:09]} {[%emt 00:00:05]} 31.
Rf7 {[%clk 00:08:46]} {[%emt 00:00:04]} Qh6 {[%clk 00:18:17]} {[%emt 00:00:22]}
32. Qxc6 {[%clk 00:08:55]} {[%emt 00:00:22]} Rb8 {[%clk 00:18:34]} {[%emt
00:00:12]} 33. Qf6+ {[%clk 00:08:20]} {[%emt 00:01:05]} Kg8 {[%clk 00:19:00]}
{[%emt 00:00:04]} 34. Rxa7 {[%clk 00:08:06]} {[%emt 00:00:44]} Rf8 {[%clk
00:18:02]} {[%emt 00:01:27]} 35. Qe6+ {[%clk 00:08:30]} {[%emt 00:00:07]} Kh8
{[%clk 00:18:29]} {[%emt 00:00:02]} 36. Qe5+ {[%clk 00:08:55]} {[%emt
00:00:07]} Kg8 {[%clk 00:18:53]} {[%emt 00:00:04]} 37. Qd5+ {[%clk 00:09:22]}
{[%emt 00:00:04]} Kh8 {[%clk 00:19:17]} {[%emt 00:00:05]} 38. Qd4+ {[%clk
00:09:50]} {[%emt 00:00:03]} Kg8 {[%clk 00:19:41]} {[%emt 00:00:06]} 39. c4
{[%clk 00:10:02]} {[%emt 00:00:19]} Qc1+ {[%clk 00:19:53]} {[%emt 00:00:17]} 40.
Kh2 {[%clk 00:10:28]} {[%emt 00:00:04]} Qf4+ {[%clk 00:20:19]} {[%emt
00:00:05]} 41. Qxf4 {[%clk 00:10:50]} {[%emt 00:00:08]} Rxf4 {[%clk 00:20:48]}
{[%emt 00:00:01]} 42. c5 {[%clk 00:10:07]} {[%emt 00:01:13]} Rc4 {[%clk
00:21:12]} {[%emt 00:00:05]} 43. Rc7 {[%clk 00:10:16]} {[%emt 00:00:22]} Rc2
{[%clk 00:21:36]} {[%emt 00:00:05]} 44. c6 {[%clk 00:10:23]} {[%emt 00:00:24]}
h5 {[%clk 00:21:44]} {[%emt 00:00:21]} 45. a4 {[%clk 00:10:44]} {[%emt
00:00:10]} Kf8 {[%clk 00:22:11]} {[%emt 00:00:03]} 46. a5 {[%clk 00:10:54]}
{[%emt 00:00:20]} Ke8 {[%clk 00:22:33]} {[%emt 00:00:08]} 47. a6 {[%clk
00:11:15]} {[%emt 00:00:09]} Kd8 {[%clk 00:22:57]} {[%emt 00:00:05]} 48. a7
{[%clk 00:11:15]} {[%emt 00:00:31]} Kxc7 {[%clk 00:23:06]} {[%emt 00:00:21]} 49.
a8=Q {[%clk 00:11:38]} {[%emt 00:00:06]} Rxc6 {[%clk 00:23:31]} {[%emt
00:00:05]} 50. Qe8 {[%clk 00:12:00]} {[%emt 00:00:08]} 1-0